000 00592nam a2200205Ia 4500
005 20250923144913.0
008 008 250917s9999 xx 000 0 eng d
037 _aTextual
040 _aDSWL
_beng
_cDSWL
041 _aeng
_2eng
084 _aR:Q5xM78, J5
_qDSWL
100 _aFriedman, Maurice S.
_9829628
245 0 _aMartin Buber, the life of Dialogue
_cby Maurice S. Friedman
260 _aLondon
_bRoutledge & Kegan Paul
_c1955
300 _ax,310p.
365 _aINR
_b25
925 _g25
942 _cTEXL
_hR:Q5xM78, J5
999 _c1444804
_d1444804